000 00615nam a22002177a 4500
003 UA-OsUOA
001 82997
007 ta
008 20120327b un ||||| |||| 00| 0 ukr d
100 _aБучко Д.
090 _a81
_bБ94
942 _cSA
040 _aUA-OsUOA
_bukr
_cUA-OsUOA
_dUA-OsUOA
245 _aСучасні гони української корпусної лінгвістики
300 _aС.64
955 _a0
041 _aukr
080 _a81
773 0 _w82989
650 7 _a8 Мовознавство. Художня література. Літературознавство
_2UDC
999 _c369333
_d369333